000 00680nam a22001697a 4500
999 _c59785
_d59785
003 Ge_BSU
005 20230418121907.0
008 230418s1994 ge ||||| |||| 00| 0 geo d
041 _ageo
080 _a94(479.22)+930(479.22) ყ-64
100 _aყორანაშვილი, გურამ
_917659
245 _aსაქართველოს ისტორიის საკითხები:
_bნაწილი 1 /
_cგ. ყორანაშვილი.
264 _aთბილისი :
_bმერწყული,
_c1994.
300 _a239გვ.;
_b20 სმ.
653 _aსაქართველოს ისტორია.
942 _2udc
_cBK